<The> Presentation of Automotive Brands in the On-Line Environment—The Perspective of KIA, Peugeot, Toyota and VW in the Slovak Republic

Analýza reputácie globálnych výrobcov automobilov na území Slovenska a strednej Európy. Ich vzájomné porovnanie.

Salvato in:
Dettagli Bibliografici
Autore principale: Soviar, Jakub
Altri autori: Holubčík, Martin, Vodák, Jozef, Rechtorík, Miroslav, Pollák, František, 1985-
Natura: Capitolo di libro
Lingua:inglese
Soggetti:
Tags: Aggiungi Tag
Nessun Tag, puoi essere il primo ad aggiungerne!!

MARC

LEADER 00000naa a2200000 4500
001 0261521
005 20240618102008.3
041 0 |a eng 
044 |a SK 
245 1 0 |a <The> Presentation of Automotive Brands in the On-Line Environment—The Perspective of KIA, Peugeot, Toyota and VW in the Slovak Republic  |c Jakub Soviar, Martin Holubčík, Jozef Vodák, Miroslav Rechtorík, František Pollák 
520 |a Analýza reputácie globálnych výrobcov automobilov na území Slovenska a strednej Európy. Ich vzájomné porovnanie. 
610 2 0 |a priemysel automobilový 
610 2 0 |a marketing elektronický 
610 2 0 |a reputácia podniku 
610 2 0 |a internet 
610 2 0 |a trh 
610 2 0 |a Slovensko 
100 1 |a Soviar, Jakub 
700 1 |a Holubčík, Martin 
700 1 |a Vodák, Jozef 
700 1 |a Rechtorík, Miroslav 
700 1 |a Pollák, František, 1985-